000 01089nam a2200241Ia 4500
999 _c40310
_d40310
001 6918
003 GE_BSU
005 20200218110044.0
008 181216s2013||||ge |||||||||||||| ||geo||
020 _a97899414199356
040 _cGE_BSU
041 _ageo
080 _a821.133.1 ბ-78
100 _aბოვუარი, სიმონ დე
_97129
245 _aსასოწარკვეთილი ქალი :
_bრომანი /
_cსიმონ დე ბოვუარი ; ფრან. თარგმნ. გიორგი ძნელაძემ ; რედ. მაია ბურჭულაძე.
264 _aთბილისი :
_bპალიტრა L,
_c2013.
300 _a375 გვ. ;
_c19 სმ.
653 _aსასოწარკვეთილი ქალი
653 _aრომანი
700 _aძნელაძე, გიორგი
_eფრანგულიდან თარგმნა
_97091
700 _aბურჭულაძე, მაია
_eრედაქტორი
_97130
942 _cBK
_2udc